[Event "Albin Counter-gambit"]
[Site "SchemingMind.com"]
[Date "2008.03.03"]
[Round "-"]
[White "Schaakmaatje"]
[Black "SLAINTIE MHATH"]
[Result "1-0"]
[WhiteCountry "NED"]
[BlackCountry "POL"]
[WhiteElo "1743"]
[WhiteRD "46"]
[BlackElo "1655"]
[BlackRD "50"]
[GameID "143847"]

1. d4 d5 2. c4 e5 3. dxe5 Bb4+ 4. Bd2 Bxd2+ 5. Nxd2 dxc4 6. Nxc4 Qxd1+ 7. Rxd1 Be6 8. e4 a6 9. Na5 Ra7 10. Bc4 b6
11. Bxe6 fxe6 12. Nb3 Nc6 13. Nf3 Nh6 14. Nbd4 Nxd4 15. Nxd4 Kf7 16. Nc6 Raa8 17. Rd7+ Kg6 18. Rxc7 Ng4 19. h3 Nh6 20. f4 Nf7
21. g4 Rhe8 22. h4 h6 23. O-O Nd8 24. Rd1 Nxc6 25. Rxc6 Rac8 26. Rdd6 Rxc6 27. Rxc6 Kf7 28. Rxb6 Ra8 29. Kf2 a5 30. Ke3 Rc8
31. Kd3 Rd8+ 32. Rd6 Rxd6+ 33. exd6 Ke8 34. e5 Kd7 35. Kc4
1-0

[Event "Albin Counter-gambit"]
[Site "SchemingMind.com"]
[Date "2008.02.28"]
[Round "-"]
[White "TRFz"]
[Black "SLAINTIE MHATH"]
[Result "1-0"]
[WhiteCountry "GBR"]
[BlackCountry "POL"]
[WhiteElo "2049"]
[WhiteRD "54"]
[BlackElo "1591"]
[BlackRD "45"]
[GameID "143848"]

1. d4 d5 2. c4 e5 3. dxe5 d4 4. Nf3 Nc6 5. g3 Bc5 6. Bg2 Bf5 7. O-O Be4 8. Nbd2 Bxf3 9. Nxf3 Qe7 10. a3 a5
11. Qb3 O-O-O 12. Qb5 f6 13. b4 axb4 14. axb4 Ba7 15. Qa4 Bb8 16. Bh3+ Rd7 17. b5 Nxe5 18. Nxd4 g5 19. Ba3 Qe8 20. Bxd7+ Nxd7
21. Rad1 Nb6 22. Qb4 Nh6 23. Qc3 Ba7 24. Rfe1 Rf8 25. e4 Na4 26. Qa5 Bxd4 27. Qa8+ Kd7 28. Rxd4+ Ke6 29. Qxa4 Rf7 30. Qd1 Rg7
31. b6 Rd7 32. Rxd7 Qxd7 33. bxc7 Qxc7 34. Qd5#
1-0

[Event "Albin Counter-gambit"]
[Site "SchemingMind.com"]
[Date "2008.02.28"]
[Round "-"]
[White "dcon"]
[Black "SLAINTIE MHATH"]
[Result "1-0"]
[WhiteCountry "RSA"]
[BlackCountry "POL"]
[WhiteElo "2079"]
[WhiteRD "61"]
[BlackElo "1591"]
[BlackRD "45"]
[GameID "143849"]

1. d4 d5 2. c4 e5 3. dxe5 dxc4 4. Qxd8+ Kxd8 5. Bd2 Nc6 6. Bc3 b5 7. a3 a5 8. Nf3 h6 9. Nbd2 Nge7 10. e3 Be6
11. a4 b4 12. Bd4 Nd5 13. Bxc4 g5 14. Bb5 Nb8 15. Rc1 Be7 16. Ne4 b3 17. O-O Nd7 18. Bc6 Ra6 19. Bb7 Rb6 20. Bxb6 N5xb6
21. Rfd1 Nc4 22. Rxc4 Bxc4 23. Nf6 Bxf6 24. exf6 c5 25. Ne5 Be6 26. Bc6 Kc7 27. Bxd7 Rd8 28. Rc1 Bxd7 29. Rxc5+ Kd6 30. Rxa5 Ke6
31. Nxd7 Rxd7 32. Ra6+ Kf5 33. g3 Rd2 34. Rb6 Ke4 35. Rxb3 Kf3 36. e4+ Ke2 37. a5 Rd1+ 38. Kg2 g4 39. a6 Rf1 40. Re3+
1-0

[Event "Albin Counter-gambit"]
[Site "SchemingMind.com"]
[Date "2008.03.09"]
[Round "-"]
[White "klesley"]
[Black "ilardi"]
[Result "0-1"]
[WhiteCountry "USA"]
[BlackCountry "USA"]
[WhiteElo "1683"]
[WhiteRD "90"]
[BlackElo "1494"]
[BlackRD "135"]
[GameID "145171"]

1. d4 d5 2. c4 e5 3. dxe5 Be6 4. cxd5 Bxd5 5. Nc3 Bb4 6. Bd2 Nc6 7. e4 Be6 8. Bb5 Ne7 9. f4 O-O 10. a3 Ba5
11. b4 Bb6 12. Nf3 Nd4 13. Rc1 Bb3 14. Nxd4 Bxd1
0-1

[Event "Albin Counter-gambit"]
[Site "SchemingMind.com"]
[Date "2008.03.07"]
[Round "-"]
[White "klesley"]
[Black "ekulrac"]
[Result "1-0"]
[WhiteCountry "USA"]
[BlackCountry "SCO"]
[WhiteElo "1697"]
[WhiteRD "90"]
[BlackElo "1744"]
[BlackRD "66"]
[GameID "145173"]

1. d4 d5 2. c4 e5 3. dxe5 d4 4. Nf3 Nc6 5. a3 a5 6. Bf4 Nge7 7. Nbd2 Ng6 8. Bg3 a4 9. b3 axb3 10. Qxb3 Bf5
11. e4 dxe3 12. Qxe3 Be7 13. Be2 Nb4 14. Bd1 Bc5 15. Qc3 Nd3+ 16. Kf1 Ndf4 17. Bxf4 Nxf4 18. h3 O-O 19. Bc2 Bxc2 20. Qxc2 Bd4
21. Nxd4 Qxd4 22. Re1 Rxa3 23. Re4 Ra1+ 24. Nb1 Qb6 25. Re1 Rfa8 26. g3 Ne6 27. Kg2 R1a2 28. Qf5 Nd4 29. Qe4 Ne6 30. Rhf1 Ng5
31. Qd3 Qc6+ 32. Qd5 Qe6 33. Qxe6 Nxe6 34. Rd1 Rc2 35. Rc1 Raa2 36. Nc3 c6 37. Nxa2 Rxa2 38. Kf3 g5 39. Kg4 Ra4 40. Kf5 Kg7
41. Rfd1 h6 42. Rd7 Ra2 43. f4 Rf2 44. Rg1 Kf8 45. Kf6 gxf4 46. Rxf7+
1-0

[Event "Albin Counter-gambit"]
[Site "SchemingMind.com"]
[Date "2008.03.11"]
[Round "-"]
[White "klesley"]
[Black "Schaakmaatje"]
[Result "0-1"]
[WhiteCountry "USA"]
[BlackCountry "NED"]
[WhiteElo "1694"]
[WhiteRD "90"]
[BlackElo "1760"]
[BlackRD "46"]
[GameID "145174"]

1. d4 d5 2. c4 e5 3. dxe5 dxc4 4. Qxd8+ Kxd8 5. Nc3 Bb4 6. Bg5+ f6 7. exf6 Nxf6 8. Bxf6+ gxf6 9. e4 Be6 10. Ne2 Nd7
11. g3 Ne5 12. a3 Nd3+ 13. Kd2 Bc5 14. Bg2 Nxf2 15. Rhf1 Ke7 16. Na4 Rad8+ 17. Kc2 Be3 18. Nf4 Bf7 19. Rae1 Ng4 20. h3 Bxf4
21. Rxf4 Ne5 22. Ref1 Rd6 23. Nc3 c6 24. g4 Rhd8 25. Nb1 a5 26. R1f2 Nd3 27. R4f3 Nxf2 28. Rxf2 Bg6 29. a4 b5 30. axb5 cxb5
31. Na3 Rb8 32. Re2 Ke6 33. Nb1 b4 34. Nd2 Rd4 35. Nf3 Rd6 36. Nh4 Rbd8 37. Kc1 Rd1+ 38. Kc2 R8d3 39. b3 cxb3+
0-1

[Event "Albin Counter-gambit"]
[Site "SchemingMind.com"]
[Date "2008.03.08"]
[Round "-"]
[White "klesley"]
[Black "TRFz"]
[Result "0-1"]
[WhiteCountry "USA"]
[BlackCountry "GBR"]
[WhiteElo "1694"]
[WhiteRD "90"]
[BlackElo "2160"]
[BlackRD "61"]
[GameID "145175"]

1. d4 d5 2. c4 e5 3. dxe5 d4 4. Nf3 Nc6 5. a3 f6 6. exf6 Nxf6 7. Nbd2 Be6 8. Qc2 Qd7 9. Nb3 O-O-O 10. Bg5 Be7
11. O-O-O h6 12. Bf4 g5 13. Ne5 Nxe5 14. Bxe5 Bf5 15. Qd2 Qa4 16. Qa5 Qxc4+ 17. Kd2 Rd5 18. Qxc7+ Qxc7 19. Bxc7 Kxc7 20. g3 Rhd8
21. Rc1+ Kb8 22. Bg2 Be4 23. f3 Bf5 24. f4 Be4 25. Bxe4 Nxe4+ 26. Ke1 gxf4 27. gxf4 Bh4+ 28. Kf1 Rb5 29. Nxd4 Rxd4 30. Rc2 Rb6
31. Kg2 a6 32. Kf3 Nf6 33. e3 Rd3 34. Rg1 Rbb3 35. Re2 Nd5 36. Rg8+ Ka7 37. Re8 Bf6 38. Re6 Bxb2 39. Rxh6 Rxe3+ 40. Rxe3 Rxe3+
41. Kg4 Rxa3 42. f5 Ne3+ 43. Kf4 Ra4+
0-1

[Event "Albin Counter-gambit"]
[Site "SchemingMind.com"]
[Date "2008.03.07"]
[Round "-"]
[White "klesley"]
[Black "SLAINTIE MHATH"]
[Result "1-0"]
[WhiteCountry "USA"]
[BlackCountry "POL"]
[WhiteElo "1709"]
[WhiteRD "93"]
[BlackElo "1590"]
[BlackRD "59"]
[GameID "145176"]

1. d4 d5 2. c4 e5 3. dxe5 d4 4. Nf3 Nc6 5. a3 Bc5 6. b4 Be7 7. Bb2 Bg4 8. Nxd4 Nxe5 9. f3 Bh5 10. e3 Nf6
11. Nd2 O-O 12. Be2 c5 13. Nf5 Bd6 14. bxc5 Bc7 15. Bxe5 Bxe5 16. Rb1 g6 17. Nd6 Bxd6 18. cxd6 Qxd6 19. g4 Bxg4 20. fxg4 Rfe8
21. Qb3 Rad8 22. Rb2 Ne4 23. Nxe4 Rxe4 24. Bf3 Re5 25. Bd5 Rde8 26. Re2 Qc5 27. Qxb7 R5e7 28. Qb4 Qc7 29. e4 Qe5 30. Rf1 Qa1+
31. Kf2 Qd4+ 32. Kg2 Rxe4 33. Rxe4 Rxe4 34. Qb8+ Kg7 35. Rxf7+ Kh6 36. Qf8+ Kg5 37. Bxe4 Qxe4+ 38. Rf3 Qe2+ 39. Rf2 Qxg4+ 40. Kh1 Qe4+
41. Rg2+ Kh5 42. Qc5+ Kh6 43. Qb4 Qf4 44. Qc3 g5 45. Qg3 Qc1+ 46. Rg1 Qd2 47. Qh3+ Kg6 48. Qe6+ Kh5 49. h4 h6 50. hxg5 Qf4
51. Qh3+ Kg6 52. Qxh6+ Kf7 53. g6+ Ke7 54. Qxf4
1-0

[Event "Albin Counter-gambit"]
[Site "SchemingMind.com"]
[Date "2008.03.07"]
[Round "-"]
[White "klesley"]
[Black "dcon"]
[Result "0-1"]
[WhiteCountry "USA"]
[BlackCountry "RSA"]
[WhiteElo "1683"]
[WhiteRD "90"]
[BlackElo "2082"]
[BlackRD "63"]
[GameID "145177"]

1. d4 d5 2. c4 e5 3. e3 exd4 4. exd4 Nf6 5. c5 Nc6 6. Nf3 Bg4 7. Be2 Qd7 8. Ne5 Nxe5 9. dxe5 Bxe2 10. Qxe2 O-O-O
11. b4 Re8 12. O-O Ng4 13. f4 f6 14. h3 Nh6 15. Bb2 fxe5 16. Bxe5 Nf7 17. Nd2 g5 18. Qh5 Nxe5 19. fxe5 Rxe5 20. Rf7 Be7
21. Rxh7 Rxh7 22. Qg6 Rg7 23. Qh6 Re2 24. Nf3 g4 25. Nd4 Bg5 26. Qh8+ Re8 27. Qh5 Be3+
0-1

[Event "Albin Counter-gambit"]
[Site "SchemingMind.com"]
[Date "2008.03.10"]
[Round "-"]
[White "ilardi"]
[Black "klesley"]
[Result "0-1"]
[WhiteCountry "USA"]
[BlackCountry "USA"]
[WhiteElo "1426"]
[WhiteRD "130"]
[BlackElo "1743"]
[BlackRD "90"]
[GameID "145178"]

1. d4 d5 2. c4 e5 3. Nf3 e4 4. Nfd2 f5 5. e3 Be6 6. Nc3 Bb4 7. cxd5 Bxd5 8. Bc4 Bxc3 9. Qb3 Bxd2+ 10. Bxd2 Ne7
11. Bb4 Nbc6 12. Bxe7 Nxe7 13. Rc1 c6 14. Bxd5 cxd5 15. O-O b6 16. Qb5+ Kf7 17. f3 Ke6 18. fxe4 fxe4 19. Qe2 h5 20. Qf2 Rf8
21. Qg3 Nf5 22. Rc6+ Kd7 23. Qg6 Rf6 24. Rxf6 Qxf6 25. Qxf5+ Qxf5 26. Rxf5 Ke6 27. Rxh5 Rc8 28. b3 Rc2 29. a4 Rc3 30. b4 Rxe3
31. Rg5 Rd3 32. Rxg7 Rxd4 33. Rxa7 e3 34. Kf1 Rxb4 35. a5 bxa5 36. Rxa5 d4 37. Ke2 Rb2+ 38. Kf3 Rf2+ 39. Kg3 d3 40. Ra3 Rd2
41. Kf3 e2 42. Ra1 Rd1 43. Ra6+ Kd5 44. Ra5+ Kc4 45. Ra4+ Kb3 46. Re4 e1=Q 47. Rxe1 Rxe1 48. h4 d2
0-1

[Event "Albin Counter-gambit"]
[Site "SchemingMind.com"]
[Date "2008.03.07"]
[Round "-"]
[White "ekulrac"]
[Black "klesley"]
[Result "0-1"]
[WhiteCountry "SCO"]
[BlackCountry "USA"]
[WhiteElo "1803"]
[WhiteRD "65"]
[BlackElo "1683"]
[BlackRD "90"]
[GameID "145180"]

1. d4 d5 2. c4 e5 3. dxe5 d4 4. Nf3 Nc6 5. g3 Bg4 6. Bg2 Bc5 7. h3 Bxf3 8. Bxf3 Nxe5 9. Bg2 c6 10. Qc2 d3
11. Qd2 Nxc4 12. Qxd3 Qxd3 13. exd3 Ne5 14. O-O Nxd3 15. Bf4 O-O-O 16. Bd2 Nxb2 17. Bc3 Bd4 18. Bxd4 Rxd4 19. Nc3 Nf6 20. Ne2 Rd2
21. Bf3 Re8 22. Nc3 Rd3
0-1

[Event "Albin Counter-gambit"]
[Site "SchemingMind.com"]
[Date "2008.03.11"]
[Round "-"]
[White "Schaakmaatje"]
[Black "klesley"]
[Result "1-0"]
[WhiteCountry "NED"]
[BlackCountry "USA"]
[WhiteElo "1743"]
[WhiteRD "46"]
[BlackElo "1697"]
[BlackRD "90"]
[GameID "145181"]

1. d4 d5 2. c4 e5 3. cxd5 Qxd5 4. dxe5 Qxe5 5. Nf3 Bb4+ 6. Nbd2 Qd5 7. a3 Bxd2+ 8. Qxd2 Qxd2+ 9. Bxd2 Bg4 10. Rc1 Nc6
11. Bc3 f6 12. Nd4 Nge7 13. h3 Bh5 14. e3 O-O-O 15. Ne6 Rdg8 16. Bc4 Bf7 17. Bb3 b6 18. O-O Kb7 19. Nc5+ bxc5 20. Bxf7 Rd8
21. Rfd1 Nf5 22. Kf1 Nd6 23. Bd5 Kb6 24. e4 Rhe8 25. Re1 Nb5 26. a4 Nxc3 27. bxc3 Ne7 28. Rb1+ Ka5 29. Rb5+ Ka6 30. Bb7#
1-0

[Event "Albin Counter-gambit"]
[Site "SchemingMind.com"]
[Date "2008.03.07"]
[Round "-"]
[White "TRFz"]
[Black "klesley"]
[Result "1-0"]
[WhiteCountry "GBR"]
[BlackCountry "USA"]
[WhiteElo "2083"]
[WhiteRD "55"]
[BlackElo "1683"]
[BlackRD "90"]
[GameID "145182"]

1. d4 d5 2. c4 e5 3. dxe5 d4 4. Nf3 Nc6 5. g3 Bc5 6. Bg2 Qe7 7. a3 a5 8. Bf4 Bg4 9. Nbd2 h6 10. h4 O-O-O
11. Qb3 f6 12. O-O-O b6 13. exf6 Nxf6 14. Qb5 Nb8 15. Ne5 Bxa3 16. Nc6 Qc5 17. Na7#
1-0

[Event "Albin Counter-gambit"]
[Site "SchemingMind.com"]
[Date "2008.03.07"]
[Round "-"]
[White "SLAINTIE MHATH"]
[Black "klesley"]
[Result "0-1"]
[WhiteCountry "POL"]
[BlackCountry "USA"]
[WhiteElo "1589"]
[WhiteRD "54"]
[BlackElo "1694"]
[BlackRD "90"]
[GameID "145183"]

1. d4 d5 2. c4 e5 3. dxe5 d4 4. Nf3 Nc6 5. e3 Bb4+ 6. Bd2 dxe3 7. fxe3 Bxd2+ 8. Qxd2 Qxd2+ 9. Nbxd2 Nge7 10. e4 Ng6
11. a3 Ncxe5 12. Be2 Be6 13. g3 O-O-O 14. Ng5 Rde8 15. O-O h6 16. Nxe6 Rxe6 17. c5 Rd8 18. Rad1 Rc6 19. b4 Nd3 20. Bg4+ Kb8
21. Bf3 Nge5 22. Bg2 Nb2 23. h3 Nxd1 24. Rxd1 a6 25. Kf2 Nc4 26. Ke2 Nxa3 27. e5 Re6 28. Nf3 Rxd1 29. Kxd1 Nc4 30. Kc1 Nxe5
31. Kd2 Nxf3+ 32. Bxf3 b6 33. Bd5 Re7 34. c6 a5 35. bxa5 bxa5 36. Kd3 f6 37. Be4 a4 38. Bd5 Ka7 39. Kc3 Re3+ 40. Kb4 Rxg3
41. Be6 g6 42. Kxa4 Kb6 43. h4 Kxc6 44. Kb4 Re3 45. Bf7 Re4+ 46. Kc3 g5 47. hxg5 hxg5 48. Kd3 Rh4
0-1

[Event "Albin Counter-gambit"]
[Site "SchemingMind.com"]
[Date "2008.03.07"]
[Round "-"]
[White "dcon"]
[Black "klesley"]
[Result "1-0"]
[WhiteCountry "RSA"]
[BlackCountry "USA"]
[WhiteElo "2082"]
[WhiteRD "63"]
[BlackElo "1683"]
[BlackRD "90"]
[GameID "145184"]

1. d4 d5 2. c4 e5 3. dxe5 d4 4. g3 c5 5. Nf3 Nc6 6. Bg2 h6 7. O-O g5 8. Re1 Bg7 9. Qb3 Qc7 10. e3 dxe3
11. Bxe3 b6 12. Nc3 Be6 13. Nb5 Qe7 14. Nd6+ Kf8 15. Nxg5 hxg5 16. Bxc6 Rd8 17. Ne4 Bxe5 18. Nxg5 Rd6 19. Nxe6+ Qxe6 20. Bf4 Qh3
21. Bxe5 Qxh2+ 22. Kf1 Rd2 23. Qe3
1-0